U.S. national debate topic : 2021-2022 water resources /

Discusses the water crisis in the United States and around the world.

Bibliographic Details
Corporate Author: Salem Press
Format: eBook
Language:English
Published: [Ipswich, Mass.] : Amenia, NY : EBSCO Information Services, Inc. ; Grey House Publishing, [2021]
Series:Reference shelf ; v.93, no.3.
Subjects:
Online Access:Connect to the full text of this electronic book

MARC

Tag First Indicator Second Indicator Subfields
LEADER 00000cam a2200000 i 4500
001 in00004367321
005 20220105155341.0
006 m|||||o||d||||||||
007 cr cn|nnn|||||
008 210429t20212021mau ob 001 0 eng d
020 |a 9781642657913 
020 |a 1642657913 
035 |a (MnSgEFL)CCE21400864 
040 |a MnSgEFL  |b eng  |e rda  |c MnSgEFL  |d UtOrBLW 
043 |a n-us--- 
050 4 |a TD223  |b .U8 2021eb 
082 1 4 |a 333.91  |2 15 
245 0 0 |a U.S. national debate topic :  |b 2021-2022 water resources /  |c [compiled by Grey House Publishing]. 
246 1 3 |a Reference shelf :  |b U.S. national debate topic 2021-2022 water resources 
246 1 3 |a United States national debate topic :  |b 2021-2022 water resources 
246 3 0 |a Water resources 
264 1 |a [Ipswich, Mass.] :  |b EBSCO Information Services, Inc. ;  |a Amenia, NY :  |b Grey House Publishing,  |c [2021] 
264 4 |c ©2021 
300 |a 1 online resource (xiii, 232 pages). 
336 |a text  |b txt  |2 rdacontent 
337 |a computer  |b c  |2 rdamedia 
338 |a online resource  |b cr  |2 rdacarrier 
490 1 |a Reference shelf ;  |v volume 93, number 3 
500 |a H.W. Wilson. 
500 |a Print ISBN: 9781642657913. 
500 |a Title from Web page (viewed on April 29, 2021). 
504 |a Includes bibliographical references and index. 
505 2 |a Contents -- Preface -- The Right to Drink -- The U.S. Drinking Water Crisis -- The US Drinking Water Supply Is Mostly Safe, but That's Not Good Enough -- Millions of Americans Drink Potentially Unsafe Tap Water: How Does Your County Stack Up? -- Flint Has Clean Water Now: Why Won't People Drink It? -- The Pandemic Has Exposed America's Clean Water Crisis -- Revealed: Millions of Americans Can't Afford Water as Bills Rise 80% in a Decade -- The Hidden Racial Inequities of Access to Water in America -- How Development of America's Water Infrastructure Has Lurched Through History -- Why Scientists Should Shape Environmental Policy -- Waste and the Water Problem -- Sewage and Wastewater Treatment -- Toxic Waters -- Filthy Water: A Basic Sanitation Problem Persists in Rural America -- Sewage is Still 'America's Dirty Secret' -- Lethal Algae Blooms-An Ecosystem Out of Balance -- The Science of Harmful Algal Blooms -- A Hacker Tried to Poison a Florida City's Water Supply, Officials Say -- Protecting Natural Water Bodies -- Protecting Rivers, Lakes, and Watersheds -- Healthy Watersheds Protection: Basic Information and Answers to Frequent Questions -- Debunking the Trump Administration's New Water Rule -- Three-Eyed Fish and Two-Headed Turtles? The Stench of this River Spanning U.S.-Mexico Border Is Legendary -- US States Face Water Crisis as Global Heating Increases Strain on Supplies -- Countries, Home to One-Quarter of the World's Population, Face Extremely High Water Stress -- Finding Solutions -- Solutions and Strategies -- Our Cities' Water Systems Are Becoming Obsolete: What Will Replace Them? -- It Could Only Cost 1% of GDP to Solve Global Water Crises. 
505 2 |a How Monitoring Local Water Supplies Can Build Community -- Could These Five Innovations Help Solve the Global Water Crisis? -- Seagrass a Powerful Ally in the Fight Against Climate Change Says Seychelles-Based Expert -- In New Mexico, Pecos River Sustains Communities, Traditions, and Wildlife -- Policy Issues -- State and Federal Water Policy -- Trump's Environmental Policies Rule Only Part of America -- Why Farmers and Ranchers Think the EPA Clean Water Rules Goes Too Far -- The Green New Deal: What Does It Mean for Water? -- Green New Deal: Strengths and Weaknesses -- Lawmakers Open Groundwater Fight Against Bottled Water Companies -- How States' Rights Became a Liberal Environmental Cause -- This Is How the Government Should Define Waters of the United States -- Why Shifting Regulatory Power to the States Won't Improve the Environment -- Relax: Gutting the EPA Won't Make Your Air Dirtier and Water More Polluted -- Water and U.S. National Security -- A Military View on Climate Change, It's Eroding Our National Security and We Should Prepare for It -- What Does Water Have to Do with National Security? -- Climate Change, Water Security, and U.S. National Security -- Bibliography -- Websites -- Index. 
520 |a Discusses the water crisis in the United States and around the world. 
538 |a Mode of access: Internet. 
650 0 |a Water conservation  |z United States  |x History  |v Sources. 
650 0 |a Water-supply  |z United States  |x History  |v Sources. 
650 0 |a Water quality  |z United States  |x History  |v Sources. 
650 7 |a Water conservation  |z United States  |x History  |v Sources.  |2 sears 
650 7 |a Water supply  |z United States  |x History  |v Sources.  |2 sears 
650 7 |a Water quality  |x History  |v Sources.  |2 sears 
655 7 |a Electronic books.  |2 local 
710 2 |a Salem Press.  |0 http://id.loc.gov/authorities/names/n81085911 
830 0 |a Reference shelf ;  |v v.93, no.3.  |0 http://id.loc.gov/authorities/names/n42021198 
856 4 0 |u http://proxy.library.tamu.edu/login?url=https://online.salempress.com/doi/book/10.3331/RSJND21  |z Connect to the full text of this electronic book  |t 0 
948 |a cataloged  |b h  |c 2021/09/16  |d c  |e jlanham  |f 3:28:41 pm 
999 f f |s ff7eb4d9-cb98-3b84-974c-1069f6e31de3  |i 28ba47d8-5c99-3adf-81a5-1927dc470e4d  |t 0 
952 f f |a Texas A&M University  |b College Station  |c Electronic Resources  |d Available Online  |t 0  |e TD223 .U8 2021eb  |h Library of Congress classification 
998 f f |a TD223 .U8 2021eb  |t 0  |l Available Online